<?xml version="1.0" encoding="UTF-8"?>
<record
    xmlns:xsi="http://www.w3.org/2001/XMLSchema-instance"
    xsi:schemaLocation="http://www.loc.gov/MARC21/slim http://www.loc.gov/standards/marcxml/schema/MARC21slim.xsd"
    xmlns="http://www.loc.gov/MARC21/slim">

  <leader>01710nam a22001937a 4500</leader>
  <controlfield tag="005">20231106132639.0</controlfield>
  <controlfield tag="008">230615b           ||||| |||| 00| 0 eng d</controlfield>
  <datafield tag="020" ind1=" " ind2=" ">
    <subfield code="a">9780070092471</subfield>
  </datafield>
  <datafield tag="050" ind1=" " ind2=" ">
    <subfield code="a">HB172.M3925(18e)</subfield>
  </datafield>
  <datafield tag="245" ind1=" " ind2=" ">
    <subfield code="a">Microeconomics: Principles, Problems and Policies. /</subfield>
    <subfield code="c">Campbell R. McConnell ... [et al.]</subfield>
  </datafield>
  <datafield tag="250" ind1=" " ind2=" ">
    <subfield code="a">18th ed.</subfield>
  </datafield>
  <datafield tag="260" ind1=" " ind2=" ">
    <subfield code="a">New York : </subfield>
    <subfield code="b">McGraw-Hill/ Irwin,</subfield>
    <subfield code="c">2009.</subfield>
  </datafield>
  <datafield tag="300" ind1=" " ind2=" ">
    <subfield code="a">xxxi, 486+various pages :</subfield>
    <subfield code="b">ill. ;</subfield>
    <subfield code="c">26cm.</subfield>
  </datafield>
  <datafield tag="500" ind1=" " ind2=" ">
    <subfield code="a">Includes Glossary and index </subfield>
  </datafield>
  <datafield tag="505" ind1=" " ind2=" ">
    <subfield code="a">Contents: Part One: Introduction to economics and the economy: Limits, alternatives, and choices -- The market system and the circular flow -- Demand, supply and market equilibrium -- The US economy: private and public sectors -- The United States in the global economy -- Part Two: Microeconomics of product markets: Elasticity, consumer surplus and producer surplus -- Consumer behaviour --The costs of production -- Pure competition -- Pure monopoly -- Monopolistic competition and Oligopoly-- Technology, R &amp; D, and efficiency-- Part Three: Microeconomics of resources markets: The Demand for resources-- Wage determination-- Rent, interest and profit -- Natural resources and energy economics -- Part Four: Microeconomics of government: Public goods, externalities and information asymmetries-- Public choice theory and the economics of taxation -- Part Five: Microeconomic issues and policies: Antitrust policy and regulation -- Agriculture: Economics and policy---Income inequality, poverty and discrimination-- Health Care -- Immigration -- Part Six: International economics: International trade.</subfield>
  </datafield>
  <datafield tag="700" ind1=" " ind2=" ">
    <subfield code="a">Brue, L. Stanley.</subfield>
    <subfield code="9">1644</subfield>
  </datafield>
  <datafield tag="700" ind1=" " ind2=" ">
    <subfield code="a">Flynn M. Sean. </subfield>
    <subfield code="9">1645</subfield>
  </datafield>
  <datafield tag="942" ind1=" " ind2=" ">
    <subfield code="2">lcc</subfield>
    <subfield code="c">BK</subfield>
  </datafield>
  <datafield tag="999" ind1=" " ind2=" ">
    <subfield code="c">9695</subfield>
    <subfield code="d">17195</subfield>
  </datafield>
  <datafield tag="952" ind1=" " ind2=" ">
    <subfield code="0">0</subfield>
    <subfield code="1">0</subfield>
    <subfield code="2">lcc</subfield>
    <subfield code="4">0</subfield>
    <subfield code="7">0</subfield>
    <subfield code="8">NFIC</subfield>
    <subfield code="a">WIUC-1</subfield>
    <subfield code="b">WIUC-1</subfield>
    <subfield code="c">GEN</subfield>
    <subfield code="d">2023-06-15</subfield>
    <subfield code="o">HB172.M3925(18e)</subfield>
    <subfield code="p">9508/209/23</subfield>
    <subfield code="r">2023-06-15 00:00:00</subfield>
    <subfield code="t">1</subfield>
    <subfield code="w">2023-06-15</subfield>
    <subfield code="y">BK</subfield>
  </datafield>
  <datafield tag="952" ind1=" " ind2=" ">
    <subfield code="0">0</subfield>
    <subfield code="1">0</subfield>
    <subfield code="2">lcc</subfield>
    <subfield code="4">0</subfield>
    <subfield code="7">0</subfield>
    <subfield code="8">NFIC</subfield>
    <subfield code="a">WIUC-1</subfield>
    <subfield code="b">WIUC-1</subfield>
    <subfield code="c">GEN</subfield>
    <subfield code="d">2023-06-15</subfield>
    <subfield code="o">HB172.M39251(18e)</subfield>
    <subfield code="p">9509/210/23</subfield>
    <subfield code="r">2023-06-15 00:00:00</subfield>
    <subfield code="t">2</subfield>
    <subfield code="w">2023-06-15</subfield>
    <subfield code="y">BK</subfield>
  </datafield>
</record>
